MARC

LEADER 00000nam0a2200000 4500
001 185687
005 20231031173050.0
035 |a (RuTPU)RU\TPU\book\201445 
090 |a 185687 
100 |a 20101013d1976 k y0rusy50 ca 
101 0 |a rus 
102 |a RU 
105 |a a z 001zy 
200 1 |a Восприятие и деятельность  |e [сборник статей]  |f под ред. А. И. Леонтьева 
210 |a Москва  |c Изд-во Московского университета  |d 1976 
215 |a 320 с.  |c ил. 
320 |a Библиогр. в конце ст. 
610 1 |a восприятие 
610 1 |a деятельность 
610 1 |a глаза 
610 1 |a саккадические движения 
610 1 |a подавление 
610 1 |a перцептивная деятельность 
610 1 |a психофизические эксперименты 
610 1 |a зрительное восприятие 
610 1 |a зрительный образ 
610 1 |a сетчаточный образ 
610 1 |a инверсия 
610 1 |a смыслообразование 
686 |a Ю935.11  |v LBC/SL-A  |2 rubbk 
702 1 |a Леонтьев  |b А. И.  |4 340 
801 1 |a RU  |b 63413507  |c 20101013 
801 2 |a RU  |b 63413507  |c 20140617  |g RCR 
942 |c BK